1014 1520 1256 1552 1857 1714 1755 1832 1426 1723 1372 1997 1425 1197 1637 1301 1430 1571 1906 1014 1343 1939 1247 1362 1384 1791 1132 1655 1755 1142 1809 1041 1264 1925 1736 1932 1667 1177 1641 1588 1624 1782 1166 1313 1289 1312 1900 1336 1967 1334 1201 1781 1136 1783 1498 1802 1749 1879 1020 1837 1648 1407 1503 1712 1005 1171 1312 1074 1911 1225 1227 1531 1610 1892 1601 1941 1878 1798 1091 1850 1556 1303 1974 1316 1234 1294 1567 1438 1234 1809 1058 1084 1095 1315 1392 1284 1186 1816 1966 BCNSPRNW ULIB Ver.6.0+V

เปลี่ยนเป็นภาษาไทย

Change to English
 แสดงรายละเอียดบรรณานุกรม
  กลับหน้าหลัก

Brief Record : Get Marc (ISO 2709) : E-mail record : QR code < ปิดหน้าต่าง
LEADER : 00000nam 2200000uu 4500
001    13399120001
003     ULIB
008    120712s2547||||th 000 0 tha d
020    ^a9789740864134
060  4 ^aQS4^bจ213ก
100 0  ^aริชาร์ด วอล์คเกอร์
245 10 ^aร่างกายของมนุษย์ การหายใจ /^cแฟรงคลิน วัตต์ส
250    ^aพิมพ์ครั้งที่ 3
260    ^aกรุงเทพฯ :^bไทยวัฒนาพานิช,^c2547
500    ^aการหายใจ
945    ^p290^l0^i24797
995    ^aทศพร
999    ^aใช้งานได้ทุกระบบ
รายการนี้ยังไม่มีแท็ก
คุณยังไม่ได้ล็อกอิน คุณสามารถมีกิจกรรมร่วมกับเว็บไซต์ได้ แต่ต้องล็อกอินก่อน ::
  ล็อกอิน

รายการสื่อสารสนเทศ

ลำดับที่ ประเภท เลขเรียก/บาร์โค้ด สถานที่ สถานะ
- ไม่พบข้อมูล -

รายการใกล้เคียง
    ผู้แต่ง [ริชาร์ด วอล์คเกอร์]

BibComment


ยังไม่เคยถูกคอมเมนท์

คอมเมนท์ทรัพยากรรายการนี้
  คอมเมนท์: ร่างกายของมนุษย์..


 Copyright 2026. Bcnsprnw @Library